| 000 -LEADER | |
|---|---|
| fixed length control field | 00256nam a22001097a 4500 |
| 005 - DATE AND TIME OF LATEST TRANSACTION | |
| control field | 20230530130424.0 |
| 008 - FIXED-LENGTH DATA ELEMENTS--GENERAL INFORMATION | |
| fixed length control field | 230530b |||||||| |||| 00| 0 eng d |
| 022 ## - INTERNATIONAL STANDARD SERIAL NUMBER | |
| ISSN | 9770972688001 |
| 245 ## - TITLE STATEMENT | |
| Title | OPERATIONS MANAGEMENT |
| 260 ## - PUBLICATION, DISTRIBUTION, ETC. (IMPRINT) | |
| Name of publisher | IUP PUBLICATIONS |
| 942 ## - ADDED ENTRY ELEMENTS (KOHA) | |
| Koha item type | Journals/Serial |
| Lost status | Damaged status | Home library | Current library | Date acquired | Source of acquisition | Serial Enumeration / chronology | Accession Number | Koha item type |
|---|---|---|---|---|---|---|---|---|
| JRU Library | JRU Library | 30/05/2023 | PURCHASE | VOL-XVIII ,ISSUE NO.1 FEB-2019 | OM0001 | Journals/Serial | ||
| JRU Library | JRU Library | 30/05/2023 | PURCHASE | VOL-XVIII ,ISSUE NO.2 MAY-2019 | OM0002 | Journals/Serial | ||
| JRU Library | JRU Library | 30/05/2023 | PURCHASE | VOL-XVIII ,ISSUE NO.4 NOV-2019 | OM0003 | Journals/Serial | ||
| JRU Library | JRU Library | 30/05/2023 | PURCHASE | VOL-XVIII ,ISSUE NO.3 AUG-2019 | OM0004 | Journals/Serial | ||
| JRU Library | JRU Library | 30/05/2023 | PURCHASE | VOL-XIX ,ISSUE NO.1 FEB-2020 | OM0005 | Journals/Serial | ||
| JRU Library | JRU Library | 30/05/2023 | PURCHASE | VOL-20 ,ISSUE NO.4 FEB-2021 | OM0006 | Journals/Serial |